MDQL
is popping MORE tags! Check the
thread
!
Quizzes
Events
Quiz Creation
Community
Videos
Private Events
Remove Ads
Sign In
Join for FREE
Feedback
Dark Mode
Quiz Categories
Sports
Geography
Music
Movies
Television
Just For Fun
Miscellaneous
History
Literature
Language
Science
Gaming
Entertainment
Religion
Holiday
For Kids
Quiz Lab
Recent
Popular Today
Quiz Kudos Today
Editor Picks
Curator Picks
Quizzes by...
Day
Popularity
Type
Ratings
Length
Year
Community
Subscriptions
Recent Discussions
Orange Saloon
Badges
Playlists
Quests
Create
Leaderboards
Showdown
Live 5
Trivia Bingo
Activity
Puzzle Library
Sporcle Events
Private Events
Virtual Trivia
Globe League
Become a Host
Pub Owners
SporcleCon
Opinionation
Our Games
Videos
Blog
Mobile Apps
Partnerships
Remove Ads and Go Orange
Feedback
Just For Fun
Clickable
Get the Picture
Humor
Quick Pick
Word Ladder
Missing Word
Mixed Word
Blitz
Minefield
This or That
Alphabet
Color
Typing
Sporcle
Puzzle
Word Play
Follow That Line
Logic
Just For Fun
Clickable
Get the Picture
Humor
Quick Pick
Word Ladder
Missing Word
Mixed Word
Blitz
Minefield
This or That
Alphabet
Color
Typing
Sporcle
Puzzle
Word Play
Follow That Line
Logic
Random Quiz
Search Sporcle
×
Editor Pick
Editor Pick
Just For Fun
TV Show
Type answers based on single images at one time
Type answers based on single images at one time
Slideshow
Best Score? Go Orange.
Jeopardy! Personalities and References Stats
People/Trivia Associated with the Game Show Jeopardy!
By
opusthepenguin
10m
35 Questions
872 Plays
872 Plays
872 Plays
Comments
Comments
Give Quiz Kudos
Give Quiz Kudos
-
- Ratings
hide this ad
More Info
Replay
Link that replays current quiz
Next Quiz
Link to next quiz in quiz playlist
You Got
0%
They Got
Avg Score
47%
Avg Friend Score
Upgrade to see
Score Distribution
Jump to the score distribution portion of the page
Score
0/35
Timer
10:00
0
Plays Today
% Correct
Alex Trebek
92.9%
Pat Sajak
83.4%
Ken Jennings
77.3%
Merv Griffin
75.9%
Will Ferrell
74.7%
Betty White
70%
Sean Connery
69.3%
Family Guy
68.9%
Cheers
67%
The Golden Girls
66.9%
George Costanza
66.5%
Groundhog Day
65.8%
Burt Reynolds
61.5%
Weird Al Yankovic
58.4%
What do you think?
57.1%
Bea Arthur
57%
White Men Can't Jump
56.1%
James Holzhauer
54.5%
% Correct
2001
50.8%
Watson
48.3%
Cliff Clavin
46.6%
Norm Macdonald
44.5%
Andy Richter
43.1%
Rosie Perez
39.7%
Darrell Hammond
36.4%
Don Pardo
35%
Art Fleming
34.6%
The X-Files
34.4%
Roger Craig
32.7%
Johnny Gilbert
30.5%
Brad Rutter
23.2%
Nancy Zerg
17.8%
Congratulations to Jason Sterlacci (aka El_Dandy)!
13.5%
Jerome Vered
11%
Tungsten or Wolfram
4.9%
Quiz Playlist
Details
Report
Send in Message
Add To Playlist
More Info:
Directions at the bottom of each slide tell you what information to give.
Slideshow:
Type answers based on single images at one time
Last Updated: Jan 11, 2019
Editor Pick in
Just For Fun
Quiz Scoreboard
CHALLENGE
Sign Up to Join the Scoreboard
Show All
Scores
Hide
Comments
May contain spoilers
Recently Published
5x2 Blitz: Bands
by SL_Kpop136
Music
30s
Colored Red Africa Blitz
by spor1
Geography
30s
Find the 'City' Movie
by crazypaving
Movies
60s
More to Explore
Quiz From the Vault
Featured Blog Post
14 Easter Pick-up Lines to Find Eggs With
hide this ad
You Might Also Like...
Tags
TV Show Quiz
Alex Trebek
Game Shows
Jeopardy
Movie Clue
SNL Characters
Today's Top Quizzes in Just For Fun
Browse Just For Fun
hide this ad
Today's Top Quizzes in TV Show
Browse TV Show
Top Contributed Quizzes in Just For Fun
1
Name Just One - 10 to 1: Just For Fun
2
Survivor Winners Logic Puzzle
3
Missing Word: 2-Letter A-Z II
4
Avatar the Last Airbender: Logic Puzzle
5
Shadowhunters Protagonists Logic Quiz
6
Quick 5-Color Logic (18)
7
Medium Renzoku Puzzle 11
8
Ultimate Minefield Blitz VIII
9
Ice Cream Logic Puzzle
10
Ultimate Minefield Blitz XXVIII
Explore More
Trending Topics
Anime
Kpop
Harry Potter
Crossword
Disney
NBA
Marvel
Country
Soccer
WWE
NFL
Pokémon
Song
Puzzle
The Office
hide this ad
More By:
opusthepenguin
Quiz
Plays
Rating
Category
Featured
Created
Thanks for the Words, Germany!
81,742
4.59
Language
Nov 9, 2013
Comic Strip Slideshow
30,130
4.66
Entertainment
Jul 15, 2013
Symphonic Countdown
4,213
3.73
Music
Jul 12, 2013
Movie Comeback Lines
2,480
4.52
Movies
Apr 3, 2015
Misquotable Quotes
2,479
3.89
Literature
Feb 22, 2014
Go to Creator's Profile
Score Distribution
Quiz Creator Spotlight
opusthepenguin
Follow
Send a Message
Quizzes Created
-
Created Quiz Play Count
-
More By This Creator
Popular Quizzes Today
1
Find the 'City' Movie
2
Colored Red Africa Blitz
3
Find the US States - No Outlines Minefield
4
5x2 Blitz: Bands
5
The Countries of the World
6
Find the US States
7
US States
8
9x9 Crossword: Cartoon Network
More Just For Fun Quizzes
Missing Word: Movies GA - GZ
Published
Trending Quizzes
Colored Red Europe Blitz I
Colored Red Africa Blitz II
Colored Red Europe Blitz II
Colored Red Africa Blitz III
Colored Red Europe Blitz III
Recently Updated
Famous TV Couples
Peacemaker
Champions League XIs: Real Madrid
pecheneg
Largest US Cities 1790-2010
pecheneg
Rides in Walt Disney World
pecheneg
Most Oscar Losses (Acting)
pecheneg
Beyoncé Albums
pecheneg
Leaping Animals
pecheneg
Reality TV Shows (A-Z)
bhenderson79
Rickey Henderson's Hall of Fame Teammates
pecheneg
Champions League XIs: Arsenal
pecheneg
Trending Topics
Crossword
Disney
Kpop
Anime
NBA
Marvel
Harry Potter
The Office
Puzzle
Pokémon
Soccer
NFL
Country
WWE
Song
Your Account Isn't Verified!
In order to create a playlist on Sporcle, you need to verify the email address you used during registration. Go to your
Sporcle Settings
to finish the process.
Report this User
Report this user for behavior that violates our
Community Guidelines
.
Details:
Send Report
Go to the Sporcle.com Mobile Site →
Comments